S. A. Ščukarev: LEKCII PO OBŠČEMU KURSU CHIMII

Bibliographic Details
Main Author: Langfelderová, Helena, 1940-1993 (Author)
Format: Article
Language:Slovak

MARC

LEADER 00000nab a2200000uu 4500
001 vtls010876016
003 SK-MaSNL
005 20260303163056.0
008 230303|1965 xo |||||||||||||||||slo|
015 |a SNBRB 
035 |a (urnnbn)urn:nbn:sk:snk:ar-0061mg 
035 |a (uuid)4d2a180b-9825-45d8-a112-e807cffb12f6 
035 |a urn:nbn:sk:snk-ab7pr1 
040 |a SNKBUCL  |b slo  |c SNKBUCL  |e AACR2 
041 0 |a slo 
044 |a xo  |c SK 
100 1 |a Langfelderová, Helena,  |d 1940-1993  |4 aut  |9 48695 
245 1 0 |a S. A. Ščukarev: LEKCII PO OBŠČEMU KURSU CHIMII  |c H. Langfelderová 
773 0 |t Chemické zvesti  |g Roč. 19, č. 4 (1965), s. 326-327 
958 |a OND 
958 |a EUIPO 
958 |a article8 
999 |c 2058725  |d 2060655